História vzniku a význam kontroly úžitkovosti hovädzieho dobytka na Slovensku

Bibliographic Details
Format: Article
Language:Slovak
PhysicalDescription:Grafy 2, tab. 2
Subjects:

MARC

LEADER 00000nab a2200000 a 4500
001 vtls000603424
003 SK-MaSNL
005 20260303183859.0
008 160401c1996 xo 0 slo
015 |a SNBRB19rr/mm-uuuuu 
035 |a CL0603563 
040 |a SNKBUCL  |b slo  |c SNKBUCL  |e AACR2 
041 0 |a slo 
044 |a xo  |c SK 
080 |a 636.2.03(437.6)  |2 1981 
245 0 0 |a História vzniku a význam kontroly úžitkovosti hovädzieho dobytka na Slovensku 
300 |b Grafy 2, tab. 2 
650 0 7 |a hovädzí dobytok  |2 snkbucl  |9 2818 
655 7 |a články z novín a časopisov  |2 snkbucl  |9 267496 
773 0 |t Roľnícke noviny  |g Č. 253 (29. 10. 1996) 
773 0 |t [Príl.] Z grúňov a z maštalí  |g S. B8 
850 |a Slovenská národná knižnica v Martine  |a MTA001 
852 |a SNK  |b KIS3GCP 
958 |a SK 
958 |a RK 
958 |a RBX 
999 |c 2123621  |d 2125551